In die Massen. Учебник немецкого языка
| Autor principal: | |
|---|---|
| Sumari: | Составлен по заданию секции ВОКС "Иностранные языки в массы" для рабочих кружков, партактива и специалистов. Допущен Наркомпросом в качестве учебного пособия для вузов, втузов, рабфаков, техникумов и курсов иностранных языков. |
| Idioma: | rus alemany |
| Publicat: |
Москва, Центриздат, 1930
|
| Matèries: | |
| Format: | MixedMaterials Llibre |
| KOHA link: | https://koha.lib.tpu.ru/cgi-bin/koha/opac-detail.pl?biblionumber=235052 |
MARC
| LEADER | 00000nam0a2200000 4500 | ||
|---|---|---|---|
| 001 | 235052 | ||
| 005 | 20231031204135.0 | ||
| 010 | |b 25000 экз. | ||
| 035 | |a (RuTPU)RU\TPU\book\256181 | ||
| 090 | |a 235052 | ||
| 100 | |a 20130403d m y0rusy50 ca | ||
| 101 | 0 | |a rus |a ger | |
| 102 | |a RU | ||
| 105 | |a a j 001zy | ||
| 200 | 1 | |a In die Massen. Учебник немецкого языка |f В. Г. Иогансон | |
| 210 | |a Москва |c Центриздат |d 1930 | ||
| 215 | |a 230 с. |c ил. | ||
| 300 | |a Составлен по заданию секции ВОКС "Иностранные языки в массы" для рабочих кружков, партактива и специалистов. | ||
| 300 | |a Допущен Наркомпросом в качестве учебного пособия для вузов, втузов, рабфаков, техникумов и курсов иностранных языков. | ||
| 320 | |a Постатейный словарь: с. 175-197. | ||
| 320 | |a Грамматический справочник: с. 167-175. | ||
| 320 | |a Словарь алфавитный: с. 197-230. | ||
| 610 | 1 | |a языкознание | |
| 610 | 1 | |a немецкий язык | |
| 610 | 1 | |a учебники | |
| 610 | 1 | |a учебные пособия | |
| 610 | 1 | |a коллекция русских учебников | |
| 686 | |a Ш143.24-2 |v LBC/SL-A |2 rubbk | ||
| 700 | 1 | |a Иогансон |b В. Г. | |
| 801 | 1 | |a RU |b 63413507 |c 20130403 | |
| 801 | 2 | |a RU |b 63413507 |c 20150625 |g RCR | |
| 942 | |c BK | ||